| 000 | 01248cam a22003617a 4500 | ||
|---|---|---|---|
| 003 | CHAP | ||
| 005 | 20220329141826.0 | ||
| 008 | 971118d1997 mx r 00110 spa d | ||
| 010 | _a74423 | ||
| 011 | _a75395 | ||
| 035 | _a84957 | ||
| 040 | _cCHAP | ||
| 090 | _aTesis | ||
| 100 | 0 | 0 |
_aMuñoz Bravo, Abel. _979565 |
| 245 | 1 | 0 |
_aEvaluación de la conductividad hidráulica en un suelo salino sujeto a rehabilitación _c/por Abel Muñoz Bravo |
| 260 |
_aChapingo, Méx. : _bEl autor, _c1997. |
||
| 300 |
_a68 h. : _bgráfs. |
||
| 502 | _aTesis (Ing. Agr. Esp. en Suelos) -- UACH. Departamento de Suelos | ||
| 590 |
_aALEPH _b10 _c20130110 _lUCH01 _h1419 |
||
| 590 |
_aBATCH-UPD _b10 _c20130110 _lUCH01 _h0605 |
||
| 590 |
_aBATCH-UPD _b10 _c20130410 _lUCH01 _h0247 |
||
| 590 |
_aBATCH-UPD _b10 _c20130914 _lUCH01 _h1028 |
||
| 590 |
_aCONVERSION _b10 _c20130109 _lUCH01 _h1341 |
||
| 650 | 1 | 4 |
_aConductividad hidráulica. _926345 |
| 650 | 1 | 4 |
_aSales _xEfecto en suelos. _9101562 |
| 650 | 1 | 4 |
_aSuelos salinos. _9110558 |
| 650 | 1 | 4 |
_aTierras _xRecuperación de. _9113120 |
| 901 | _aBK | ||
| 905 | _aGuadalupe Pinto C. | ||
| 942 | _cFOLL | ||
| 949 |
_bBC _cTES _d33724000636403 _eTS2 _fc.2 _h31424 _i84957 _si |
||
| 949 |
_bBC _cTES _d849571 _eTS1 _h31423 _i84957 _sb |
||
| 999 |
_c74423 _d74423 |
||